000
00224nam a22001097a 4500
100
_a
Webster
245
_a
The merriam webster dictionary
250
_a
2012
260
_b
Merriam -webster
300
_a
931
942
_2
ddc
_c
DB
999
_c
10975
_d
10975